Толстого Льва Николаевича

RUSMARC
00005185cbc2a2200289#x 450
00132b22e99-b7a6-4f63-8730-82f8ac4cc101
00520180820154218.0
100##$a20130529l18951895k y0rusy50 ca
1010#$arus
102##$aRU
105##$ay z |||||
1220#$ad18950826
2001#$aТолстого Льва Николаевича
$j26 августа 1895
215##$a2 листа
251##$cДело
300##$aЗаголовок дела на папке: Письмо Толстого Льва Николаевича Кони А. Ф.
300##$aРукописный текст
324##$aВ деле имеются копии
330##$aПереписка А. Ф. Кони; Письма к А. Ф. Кони
461#0$10013a54f2e3-e9cf-409b-80fa-f0a9bd3c40cb
$12001
$aКони Анатолий Федорович, юрист, литератор, член академии наук, председатель Санкт-Петербургского окружного суда, член государственного совета
$1251
$cФонд
$1852
$j564
462#0$100178a475cd-a47d-4377-bff3-cee4b81de655
$12001
$aОпись дел фонда А. Ф. Кони за 1880-1931 гг.
$vД. 3443
$1251
$cОпись
$1852
$j1
5171#$aПисьмо Толстого Льва Николаевича Кони А. Ф.
801#0$aRU
$bGA_RF
801#1$aRU
$bНПО Опыт
$c20130529
$2rusmarc
801#2$aRU
$bПБ им. Б.Н. Ельцина
$c20130827
$gRCR
$2rusmarc
852##$aГА РФ
$j3443
937##$d31030095
$hПБ
035##$aRuPRLIB51005502
600#1$2nlr_sh
$3RU\NLR\AUTH\66730813
$aТолстой
$gЛев Николаевич
$bЛ.Н.
$f1828 - 1910
$jПереписка
600#1$2nlr_sh1
$3RU\NLR\AUTH\66567267
$aКони
$gАнатолий Федорович
$bА.Ф.
$f1844 - 1927
$jПереписка
686##$2rubbk
$a63.3(2)522
$vLBC/M
686##$a63.3(2)53
$vLBC/M
$2rubbk
605##$2acquisition_Prlib
$3LIBNET\UAF\0000073781
$aЛ. Н. Толстой
$lколлекция
605##$2acquisition_Prlib
$3DITM\AF\0000003834
$aНарод
$lколлекция
605##$2acquisition_Prlib
$3DITM\AF\0000002775
$aВласть
$lколлекция
Формат отображения